000 004540000a22001810004500
003 MACL
005 20160120143532.0
008 160120b xxu||||| |||| 00| 0 eng d
040 _aMACL
_cMACL
041 _aEnglish
082 _a332.1/
100 _aBright, P.S.
_933280
245 _aBank Agriculture Officer's Exam
260 _bBright Careers
_c2003
_aNew Delhi
350 _a160
650 _aFinancial Economics
_933673
942 _cBK
_k332.1
_2ddc
999 _c32808
_d32808